| 000 | 00899nam a2200205 a 4500 | ||
|---|---|---|---|
| 001 | 000037821 | ||
| 005 | 20250701121838.0 | ||
| 008 | 130306s2012 dr 001 0 spa d | ||
| 040 |
_aDO-SdBNP _bspa _cBNPHU |
||
| 082 |
_a378.155 _bR426n |
||
| 110 | 1 |
_aRepública Dominicana. _bSecretaría de Estado de Educación Superior, Ciencia y Tecnología _918778 |
|
| 245 | 1 | 0 |
_aNormas para la creación de escuelas y la formación de profesionales de enfermería en República Dominicana / _cpresentación Ligia Amada Melo de Cardona. |
| 260 |
_aSanto Domingo : _bMESCyT, _c2012. |
||
| 300 |
_a129 p. ; _c22 cm. |
||
| 590 | _aInventariado, 2019/MFF | ||
| 650 | 4 |
_aEducación en enfermería _zRepública Dominicana _964272 |
|
| 650 | 4 |
_aEscuelas de enfermería _zRepública Dominicana _vNORMAS _964273 |
|
| 700 | 1 |
_aMelo de Cardona, Ligia Amada, _epresent. _927174 |
|
| 910 | _aValidado. Control de la calidad EMS | ||
| 999 |
_c37311 _d37311 |
||